| 000 | 00444nam a2200193Ia 4500 | ||
|---|---|---|---|
| 003 | OSt | ||
| 005 | 20251212100302.0 | ||
| 008 | 250729s1900 xx 000 0 und d | ||
| 040 | _cAL | ||
| 041 | _akan | ||
| 082 | _a954 HEBH | ||
| 100 |
_aHebbar V R _9226888 |
||
| 245 | _aHistory of india upto 1300 A D | ||
| 260 | _aMangalore | ||
| 300 | _a314p | ||
| 650 |
_aHistory _9226889 |
||
| 700 |
_aRao Digumurthi _9226890 |
||
| 942 |
_2ddc _cBED |
||
| 999 |
_c237458 _d237458 |
||